LEADER 01233nam 2200397 450 001 9910480826803321 010 $a0-309-45429-8 035 $a(CKB)3710000001133771 035 $a(MiAaPQ)EBC4828781 035 $a(EXLCZ)993710000001133771 100 $a20170410h20172017 uy 0 101 0 $aeng 135 $aurcnu|||||||| 181 $2rdacontent 182 $2rdamedia 183 $2rdacarrier 200 00$aInnovations in federal statistics $ecombining data sources while protecting privacy /$fRobert M. Groves and Brian A. Harris-Kojetin, editors 210 1$aWashington, District of Columbia :$cThe National Academies Press,$d2017. 210 4$dİ2017 215 $a1 online resource (138 pages) 311 $a0-309-45428-X 606 $aStatistical services 607 $aUnited States$xStatistical services 607 $aUnited States$vStatistics 608 $aElectronic books. 615 0$aStatistical services. 676 $a310.6 702 $aGroves$b Robert M. 702 $aHarris-Kojetin$b Brian A. 801 0$bMiAaPQ 801 1$bMiAaPQ 801 2$bMiAaPQ 906 $aBOOK 912 $a9910480826803321 996 $aInnovations in federal statistics$91991381 997 $aUNINA LEADER 01277oam 2200409zu 450 001 9910138913503321 005 20241212215828.0 035 $a(CKB)2400000000003095 035 $a(SSID)ssj0000452857 035 $a(PQKBManifestationID)12139216 035 $a(PQKBTitleCode)TC0000452857 035 $a(PQKBWorkID)10472502 035 $a(PQKB)11259581 035 $a(NjHacI)992400000000003095 035 $a(EXLCZ)992400000000003095 100 $a20160829d2009 uy 101 0 $aeng 135 $aur||||||||||| 181 $ctxt 182 $cc 183 $acr 200 10$a2009 IEEE Symposium on Visual Languages and Human-Centric Computing 210 31$a[Place of publication not identified]$cIEEE$d2009 215 $a1 online resource (xi, 266 pages) $cillustrations 300 $aBibliographic Level Mode of Issuance: Monograph 311 08$a9781424448760 311 08$a142444876X 330 $aThis page or pages intentionally left blank. 606 $aEnd-user computing$vCongresses 615 0$aEnd-user computing 676 $a650.0285 702 $aIEEE Staff 801 0$bPQKB 906 $aPROCEEDING 912 $a9910138913503321 996 $a2009 IEEE Symposium on Visual Languages and Human-Centric Computing$92348180 997 $aUNINA